<?xml version="1.0" encoding="UTF-8"?>
<record
    xmlns:xsi="http://www.w3.org/2001/XMLSchema-instance"
    xsi:schemaLocation="http://www.loc.gov/MARC21/slim http://www.loc.gov/standards/marcxml/schema/MARC21slim.xsd"
    xmlns="http://www.loc.gov/MARC21/slim">

  <leader>01100nam a2200205Ia 4500</leader>
  <datafield tag="952" ind1=" " ind2=" ">
    <subfield code="0">0</subfield>
    <subfield code="1">0</subfield>
    <subfield code="4">0</subfield>
    <subfield code="7">0</subfield>
    <subfield code="a">22</subfield>
    <subfield code="b">22</subfield>
    <subfield code="d">2007-01-08</subfield>
    <subfield code="l">0</subfield>
    <subfield code="o">HD31 R66</subfield>
    <subfield code="p">11 002728</subfield>
    <subfield code="r">2023-07-16</subfield>
    <subfield code="t">1</subfield>
    <subfield code="w">2012-06-26</subfield>
    <subfield code="y">LB</subfield>
  </datafield>
  <datafield tag="952" ind1=" " ind2=" ">
    <subfield code="0">0</subfield>
    <subfield code="1">0</subfield>
    <subfield code="4">0</subfield>
    <subfield code="7">0</subfield>
    <subfield code="a">22</subfield>
    <subfield code="b">22</subfield>
    <subfield code="d">2007-01-08</subfield>
    <subfield code="l">3</subfield>
    <subfield code="o">HD31 R66</subfield>
    <subfield code="p">11 002729</subfield>
    <subfield code="r">2023-07-16</subfield>
    <subfield code="s">2015-02-16</subfield>
    <subfield code="t">2</subfield>
    <subfield code="w">2012-06-26</subfield>
    <subfield code="y">LB</subfield>
  </datafield>
  <datafield tag="999" ind1=" " ind2=" ">
    <subfield code="c">69915</subfield>
    <subfield code="d">69915</subfield>
  </datafield>
  <controlfield tag="008">191109b1984    mx a|||| |||| 00| 0 spa d</controlfield>
  <datafield tag="020" ind1=" " ind2=" ">
    <subfield code="a">9681818482</subfield>
  </datafield>
  <datafield tag="050" ind1=" " ind2=" ">
    <subfield code="a">HD31 </subfield>
    <subfield code="b">R66</subfield>
  </datafield>
  <datafield tag="100" ind1=" " ind2=" ">
    <subfield code="a">Rodas Carpizo, Alejandro R. </subfield>
    <subfield code="e">autor </subfield>
  </datafield>
  <datafield tag="245" ind1=" " ind2=" ">
    <subfield code="a">Administraci&#xF3;n b&#xE1;sica  </subfield>
    <subfield code="c">/ Alejandro R. Rodas Carpizo  y Mar&#xED;a F. A. de Rodas </subfield>
  </datafield>
  <datafield tag="260" ind1=" " ind2=" ">
    <subfield code="a">M&#xE9;xico </subfield>
    <subfield code="b">: Limusa </subfield>
    <subfield code="c">.1984 </subfield>
  </datafield>
  <datafield tag="300" ind1=" " ind2=" ">
    <subfield code="a">269 p&#xE1;ginas </subfield>
    <subfield code="b">: tablas </subfield>
  </datafield>
  <datafield tag="500" ind1=" " ind2=" ">
    <subfield code="a">Incluye:  Contenido, Introducci&#xF3;n, Presentaci&#xF3;n (pp. 7 - 8), Recomendaciones (pp. 9 - 10), Pr&#xF3;logo (pp. 13 - 14), Respuestas de los de los ejercicios (pp. 266 - 269)</subfield>
  </datafield>
  <datafield tag="504" ind1=" " ind2=" ">
    <subfield code="a">Bibliograf&#xED;a (p. 266)</subfield>
  </datafield>
  <datafield tag="505" ind1=" " ind2=" ">
    <subfield code="a">Introducci&#xF3;n  
Definici&#xF3;n de la administraci&#xF3;n  
Or&#xED;genes del fen&#xF3;meno administrativo  
La administraci&#xF3;n como ciencia  
El humano relacionismo de el ton mayo  
El proceso administrativo  
Estructuras organizacionales 
Finanzas  
Administraci&#xF3;n de recursos humanos  
Producci&#xF3;n  
Mercadotecnia  
</subfield>
  </datafield>
  <datafield tag="519" ind1=" " ind2=" ">
    <subfield code="a">Material Complementario / </subfield>
    <subfield code="d">(11 0002729)</subfield>
  </datafield>
  <datafield tag="650" ind1=" " ind2="0">
    <subfield code="a">ADMINISTRACI&#xD3;N </subfield>
  </datafield>
  <datafield tag="700" ind1=" " ind2=" ">
    <subfield code="a">Rodas, Mar&#xED;a F. a de, </subfield>
    <subfield code="e">autor </subfield>
  </datafield>
  <datafield tag="942" ind1=" " ind2=" ">
    <subfield code="c">LB</subfield>
  </datafield>
</record>
